| 000 | 01317nam a2200361 i 4500 | ||
|---|---|---|---|
| 001 | 197610 | ||
| 003 | ES-MaACL | ||
| 005 | 20250805062651.0 | ||
| 007 | ta | ||
| 008 | 930209s1992 sp | |||| ||spa | ||
| 016 | 7 |
_abimoBNE19930043670 _2SpMaBN |
|
| 017 |
_aM 38224-1992 _bOficina Depósito Legal Madrid |
||
| 020 | _a8488358024 | ||
| 035 | _a(OCoLC)434767190 | ||
| 035 | _a(SpMaBN)bimo0000279880 | ||
| 035 | _a991016260709708606 | ||
| 040 |
_aSpMaBN _bspa _cSpMaBN _erdc |
||
| 080 | _a908(460.27 M.)"16" | ||
| 245 | 0 | 3 |
_aEl Madrid de los Austrias / _c[fotografías, Pedro Sánchez] |
| 260 |
_a[Madrid] _bEagle Books España _c1992 |
||
| 300 |
_a107 páginas _bilustraciones color _c30 cm |
||
| 336 |
_2rdacontent _atexto |
||
| 337 |
_2rdamedia _asin mediación |
||
| 338 |
_2rdacarrier _avolumen |
||
| 651 | 4 |
_aMadrid- _xDescripción _2embne _98952 |
|
| 700 | 0 |
_aSánchez Gómez, Pedro _qSánchez Gómez _epht _9240970 |
|
| 852 |
_aES-MaACL _cDEPO1 _jA-15698 _hDonación: Fernando Codina Rodríguez _xEncuadernación cartoné _9206056 |
||
| 903 |
_aCodina Rodríguez, Fernando _ednr _9238631 |
||
| 942 |
_n0 _cMONOGRAFIA |
||
| 999 |
_c197610 _d197610 |
||